| 000 | 00721nam a22002412i 4500 | ||
|---|---|---|---|
| 001 | 18415 | ||
| 003 | BD-RjUL | ||
| 005 | 20211209000300.0 | ||
| 008 | 140220r19671963enk 001 1 eng d | ||
| 035 | _a(BD-RjUL)18473 | ||
| 040 |
_aWHE _cWHE _dBD-RjUL _beng |
||
| 041 | _aeng | ||
| 082 |
_a823.91 _218 _bBAM 1967 |
||
| 100 | 1 |
_aBarker, Dudley. _956742 |
|
| 245 | 1 | 4 |
_aThe man of principle : _ba view of John Galsworthy / _cDudley Barker |
| 260 |
_aLondon : _bAllen & Unwin, _cc1963 [Reprinted 1967]. |
||
| 300 |
_a240 p. (1 leaf of plates) : _bill. ; _c23 cm |
||
| 500 | _aIncludes index. | ||
| 504 | _aBibliography: p. [7] | ||
| 600 | 1 | 0 |
_aGalsworthy, John, _d1867-1933. _956745 |
| 942 |
_2ddc _cBK |
||
| 999 |
_c18415 _d18415 |
||